Applications to wind up companies

Bibliographic Details
Main Author: French, Derek (Author)
Format: Book
Language:English
Published: London : Blackstone Press , 1993
Subjects:

MARC

LEADER 00000cam a2200000 7i4500
001 0000021421
005 20150518093000.0
008 021119s fr eng
020 |a 1854312901 
050 0 0 |a d13 KD2079   |b .F7 1993 r 
090 0 0 |a d13 KD2079   |b .F7 1993 r 
100 1 |a French, Derek ,   |e author 
245 1 0 |a Applications to wind up companies   |c Derek French 
260 2 |a London :   |b Blackstone Press ,   |c 1993 
300 |a lxx, 404 p. ;   |c 25 cm. 
504 |a Includes index 
650 0 |a Corporation law   |z Great Britain 
650 0 |a Liquidation   |z England 
650 0 |a Liquidation   |z Great Britain 
650 0 |a Liquidation   |z Wales 
999 |a 1000044202   |b Book   |c Reference   |e Gong Badak Campus